[Event "Moscow Aeroflot op"]
[Site "Moscow"]
[Date "2002.02.10"]
[Round "9"]
[White "Ulko, Jaroslav"]
[Black "Avrukh, Boris"]
[Result "0-1"]
[WhiteElo "2484"]
[BlackElo "2591"]
[Annotator "Krasenkow,M"]
[PlyCount "62"]
[EventDate "2002.02.04"]
[EventType "swiss"]
[EventRounds "9"]
[EventCountry "RUS"]
[SourceTitle "CBM 088"]
[Source "ChessBase"]
[SourceDate "2002.03.21"]
[SourceVersion "1"]
[SourceVersionDate "2002.03.21"]
[SourceQuality "1"]

1. d4 Nf6 2. c4 g6 3. Nc3 d5 4. cxd5 Nxd5 5. Nf3 Bg7 6. e4 Nxc3 7. bxc3 c5 8.
Rb1 O-O 9. Be2 b6 10. O-O Bb7 11. Qd3 Ba6 12. Qe3 Qd7 13. Bxa6 Nxa6 14. Qe2 Nc7
15. Rd1 Qa4 {GM Boris Avrukh improves on the game he played with white against
Kasparov. We examined it in detail in CBM77.} (15... Rad8 16. Be3 (16. Bf4 Ne6
17. Be3 cxd4 18. cxd4 Rc8 (18... f5 {Avrukh,B}) 19. d5 Nc5 20. Bd4 Na4 21. Bxg7
Kxg7 22. Rbc1 Nc3 23. Qb2 Qb5 24. Qxb5 (24. Qa1 $5) 24... Nxb5 $11 {0-1
Flumbort,A-Groszpeter,A/Zalakaros 2000/EXT 2002 (39)}) 16... Qa4 17. Rdc1 (17.
h4 cxd4 18. cxd4 Ne6 (18... f5 $1) 19. d5 Nc5 20. Bd4 Rd7 21. Bxg7 Kxg7 22. Rd4
Qa6 23. Qd2 $36 {1-0 Plachkinova,T-Jovkova Draganova,P/Pamporovo 2001/CBM 84
ext (36)}) 17... Rd7 18. Qc2 Qxc2 19. Rxc2 cxd4 20. cxd4 f5 21. Rbc1 Nb5 22. e5
f4 23. a4 fxe3 24. axb5 Bh6 $11 {1/2-1/2 Avrukh,B-Kasparov,G/Ramat Aviv 2000/
CBM 77/[Avrukh,B] (38)}) 16. Bg5 (16. Rb3 cxd4 17. cxd4 Ne6 18. e5 Rfd8 19. d5
Nc5 20. Rd4 Qd7 21. Rc3 Rac8 22. Ba3 Qb7 23. Qd1 e6 24. d6 f6 25. Qe2 Qd7 26.
Bxc5 bxc5 27. Rd1 Rc6 28. g3 fxe5 29. Nxe5 Bxe5 30. Qxe5 Rxd6 {1/2-1/2 Zaja,
I-Smirin,I/Pula 2001/CBM 84 ext (30).}) 16... Rfe8 17. Qd2 $6 {White loses too
much time to prepare Bg5-h6.} (17. d5 Bxc3 18. e5 {is met with} f6) (17. Qe3 $5
{[%cal Yd4d5]} Qxa2 18. d5 {was the logical continuation of White's play})
17... Rad8 18. Bh6 e5 $1 {Exactly! Now White has serious problems protecting
his central pawns.} 19. Bxg7 Kxg7 20. Qg5 $2 {This desperate attempt of
counterplay fails. White should have defended by means of} (20. Re1 exd4 21.
cxd4 cxd4 22. Rb4 Qa5 23. Rxd4 (23. Nxd4 {is met with} Nb5 $1 {and the piece
sacrifice} 24. Nf5+ $1 gxf5 25. Qg5+ {doesn't guarantee White a perpetual:} Kf8
26. Qh6+ Ke7 $1 27. Qg5+ f6 28. Qg7+ Kd6 29. Reb1 ({Or} 29. Rbb1 Nc3 (29...
fxe4 $143 30. Rbc1 $1) 30. Rbc1 Qe5 31. Re3 Nxe4 $1 32. f3 Qd4 33. Qc7+ Ke6 34.
Rc6+ Rd6 $19) 29... Na3 $1 30. Rd4+ Kc6 31. Qxf6+ (31. Rc1+ Kb5 32. Qxf6 Rxd4
33. Qxd4 Ka6 34. Qd3+ Nb5 35. Qc4 Qa3 $1 36. Rb1 Re5) 31... Kb7 32. Rxd8 Rxd8
33. Qxd8 Nxb1 34. Qd7+ Ka6 35. Qc8+ Kb5 {and Black should win}) 23... Qxd2 24.
Rxd2 Rxd2 25. Nxd2 Ne6 $15 {_|_ The endgame is slightly better for Black
thanks to his queenside pawn advantage.}) 20... exd4 21. e5 (21. cxd4 Nb5)
21... Ne6 $1 (21... Nd5 $143 22. cxd4 Nc3 23. Qf6+ Kg8 24. e6 $1 fxe6 25. Ne5
Rf8 26. Qxe6+ Kg7 27. Qe7+ $11) 22. Qf6+ Kg8 23. Qh4 Qxa2 24. cxd4 Qd5 {
Simply winning the d4 pawn.} (24... Nxd4 {was not that clear in view of} 25.
Ng5 Ne2+ 26. Kh1 h5 27. Ne4) (24... cxd4 {was possible, too.}) {The rest is
quite easy.} 25. Re1 cxd4 26. Re4 d3 27. Rd1 b5 28. h3 h5 29. Re3 Qc4 30. Re4
Qc6 31. Re3 Qc2 0-1

[Event "Srajber Memorial 08th"]
[Site "Subotica"]
[Date "2003.12.01"]
[Round "4"]
[White "Drazic, Sinisa"]
[Black "Lupulescu, Constantin"]
[Result "0-1"]
[WhiteElo "2467"]
[BlackElo "2499"]
[Annotator "Krasenkow,M"]
[PlyCount "58"]
[EventDate "2003.11.06"]
[EventType "tourn"]
[EventRounds "11"]
[EventCountry "YUG"]
[EventCategory "10"]
[SourceTitle "CBM 099"]
[Source "ChessBase"]
[SourceDate "2004.03.30"]
[SourceVersion "1"]
[SourceVersionDate "2004.03.30"]
[SourceQuality "1"]

1. d4 Nf6 2. c4 g6 3. Nc3 d5 4. cxd5 Nxd5 5. Bd2 Bg7 6. e4 Nb6 7. Be3 O-O 8.
Bb5 {A relatively new twist. White prevents the Black knight from developing
to c6 and any attempt to push the white bishop away upsets Black's further
plans!} f5 {The most logical reply.} ({After} 8... a6 9. Be2 {the weakness of
the b6 square is quite important, e.g.} Nc6 10. d5 Ne5 11. Bd4 {and Black can
hardly play} c5 12. Bxc5 Nec4 13. Qb3 Nxb2 {(as in the 8.Be2 line) in view of}
14. Bxb6 Bxc3+ 15. Kf1 Qd6 16. Rb1 Qf6 17. Nf3 $16) ({or} 8... c6 9. Be2) ({or
} 8... Bd7 9. Be2) (8... Be6 $5 {is the other option for Black.}) 9. Nge2 (9.
Qb3+ Kh8 10. exf5 Bxf5 11. Nf3 N8d7 12. O-O Nf6 {1/2-1/2 Mateuta,G-Lupulescu,C/
Bucharest 2002/EXT 2003 (12)}) 9... a6 10. Bd3 Nc6 11. e5 $6 {This aggressive
move meets a strong reply.} (11. exf5 $142 Bxf5 12. Bxf5 Rxf5 13. O-O e6 14.
Qb3 Qe7 15. Rad1 Rd8 $11 {1-0 Manolache,M-Lupulescu,C/Bucharest 2002/CBM 88 
(58)}) 11... f4 $1 {[%cal Gc8g4,Gf8f2] An important resource activating the
black rook and bishop.} 12. Nxf4 $2 {White now loses his e5 pawn.} (12. Bxf4
$142 Nxd4 13. Be4 c5 $15) 12... Nxd4 {[%csl Re5]} 13. Nxg6 $2 {This desperate
sacrifice is easily refuted.} (13. Nfe2 Bxe5 $17) 13... hxg6 14. Bxg6 Bf5 $1 {
Of course! Black now easily brings home his material advantage.} 15. Bxf5 Nxf5
16. Qb3+ Rf7 {It was not necessary to pin his own rook.} (16... Kh8 $19) 17.
Rd1 Qe8 18. Bxb6 cxb6 19. O-O (19. Ne4 $142 {but after} e6 20. Ng5 Re7 21. f4
Qc6 22. O-O Bh6 {Black should win anyway.}) 19... Bxe5 20. Ne4 Qb5 21. Qh3 Rh7
22. Qg4+ Rg7 23. Qh5 Rf8 24. Ng5 Nd4 25. h4 Bf6 26. Rfe1 Bxg5 27. Rxd4 Be3 28.
Rd5 Bxf2+ 29. Kh1 Bxe1 $1 (29... Bxe1 30. Rxb5 Rf1+ 31. Kh2 Bg3+ 32. Kh3 Rh1#)
0-1

[Event "EU-chT (Men) 21st"]
[Site "Heraklion"]
[Date "2017.10.29"]
[Round "2.1"]
[White "Mamedyarov, Shakhriyar"]
[Black "Ragger, Markus"]
[Result "1-0"]
[WhiteElo "2791"]
[BlackElo "2659"]
[Annotator "Krasenkow,M"]
[PlyCount "99"]
[EventDate "2017.10.28"]
[EventType "team-swiss"]
[EventRounds "9"]
[EventCountry "GRE"]
[SourceTitle "CBM 182"]
[Source "ChessBase"]
[SourceDate "2018.01.17"]
[SourceVersion "1"]
[SourceVersionDate "2018.01.17"]
[SourceQuality "1"]
[WhiteTeam "Azerbaijan"]
[BlackTeam "Austria"]
[WhiteTeamCountry "AZE"]
[BlackTeamCountry "AUT"]

1. d4 Nf6 2. c4 g6 3. Nc3 d5 4. cxd5 Nxd5 5. e4 Nxc3 6. bxc3 Bg7 7. Be3 c5 8.
Nf3 Qa5 9. Nd2 O-O 10. Be2 (10. Nb3 Qxc3+ 11. Bd2 Qb2 12. Bc1 Qc3+ {is a
well-known draw.}) (10. Rc1 {is possible, too.}) 10... b6 {Hardly a good
continuation.} (10... Rd8 11. O-O Qc7 12. Rc1 e6 13. Bg5 Re8 14. e5 Nd7 15. Ne4
$16 {1-0 (38) Michalik,P (2511)-Csiba,D (2357) Zajezova 2011}) (10... cxd4 11.
cxd4 f5 12. O-O Qd8 13. exf5 gxf5 14. Nf3 Be6 15. Qd2 $14 {0-1 (58) Alcaraz
Ortega,J (2345)-Miron,L (2544) Condom 2013}) (10... Nd7 11. Qc2 (11. O-O {
is more logical} Qxc3 $140 12. Nc4 $1) 11... Qc7 12. d5 Nf6 13. f4 Bg4 14. Nf3
b5 15. Bxb5 Bxf3 16. gxf3 Nh5 17. Bc6 Rab8 18. Qd2 Bh6 19. e5 f6 $44 {0-1 (40)
Tari,A (2578)-Ftacnik,L (2546) Hersonissos GRE 2017}) (10... Qxc3 $5 11. Rc1
Qa5 (11... Qb2 12. Nc4 Qb5 (12... Qb4+ $5 13. Bd2 Qb5) 13. d5 b6 14. O-O Qd7
15. Bf4 Bb7 16. Re1 Rd8 17. Qb3 Qe8 18. Bc7 Rc8 19. Be5 $44 {1-0 (48)
Fressinet,L (2700)-Giri,A (2720) Beijing 2012}) (11... Qa3 12. Rxc5 Nc6 13. Qb3
Qxb3 14. Nxb3 Rd8 $6 (14... f5 $5) 15. d5 Ne5 16. Rc7 Rd7 17. Rc1 f5 18. f4 Ng4
19. Bxg4 fxg4 20. Kf2 $16 {1/2 (43) Bitan,B (2331)-Paragua,M (2522) New Delhi
2012}) 12. Rxc5 Qxa2 13. O-O Nc6 (13... Na6 $143 14. Rc2 Qa5 15. Qb1 Qd8 16.
Rfc1 $14 {1-0 (35) Laznicka,V (2681)-Navara,D (2722) Novy Bor 2011}) 14. Rc4
Qa5 15. d5 Ne5 16. Ra4 Qc7 17. f4 b5 18. Ra3 Nc4 19. Qc2 e6 20. Bxc4 bxc4 21.
Qxc4 Qd8 22. Bd4 exd5 23. exd5 Bb7 $11 {1/2 (26) Kasimdzhanov,R (2687)-Navara,
D (2638) Wijk aan Zee 2009}) 11. O-O Ba6 12. Rc1 $146 {[%mdl 520] A correct
pawn sacrifice. White gets good compensation.} (12. dxc5 $5 {is possible, too,
and has recently brought White a couple of wins:} Bxe2 (12... Bxc3 $5) 13. Qxe2
Nd7 (13... bxc5 14. Rfc1 Nd7 15. f4 Qa4 16. e5 Rab8 17. Qc4 Qxc4 18. Nxc4 f6
19. e6 Nb6 20. Nxb6 axb6 21. f5 gxf5 22. Rcb1 f4 23. Bxf4 Ra8 24. a4 f5 25. Ra3
Ra6 26. Bc7 Rfa8 27. Rxb6 Rxa4 28. Rxa4 Rxa4 29. Rb8+ Bf8 30. Bd6 Kg7 31. Be5+
Kg8 32. Bd6 Kg7 33. Bxc5 $16 {1-0 (49) Berkes,F (2673)-Hansen,E (2567) Germany
2013}) 14. Nb3 Qa4 15. Rfd1 Nxc5 16. Nxc5 bxc5 17. Bxc5 Rac8 18. Qe3 Rc7 19. e5
Rfc8 20. Bd4 $16 {1-0 (65) Grachev,B (2657)-Khalifman,A (2623) Kaliningrad 2015
}) (12. Nc4 Bxc4 13. Bxc4 Nc6 14. Rc1 e6 15. Bb3 $6 (15. d5 $5) 15... cxd4 16.
cxd4 Nxd4 17. Bxd4 Rfd8 18. Bxb6 Qxb6 $15 {[%csl Gd4] 1/2 (38) Chojnacki,K 
(2437)-Tomczak,J (2548) Poznan 2011}) 12... Bxe2 13. Qxe2 Qxa2 14. Ra1 Qe6 15.
d5 Qc8 16. Ra3 Nd7 17. f4 {[%cal Ye4e5]} e6 (17... Qb7 {is probably more
accurate} 18. c4 $140 e6 19. dxe6 fxe6 20. e5 Rad8) 18. dxe6 fxe6 19. e5 {
[%csl Rg7]} Qc6 (19... Qb7 20. Nc4 $1) 20. c4 {[%cal Ya3d3]} Rad8 $6 {Black
gives the pawn back, after which White keeps a positional advantage for free.}
(20... Qb7 $5 21. Rd3 Rad8) 21. Rxa7 Ra8 22. Rxa8 Rxa8 23. Qd3 Bf8 24. Rd1 Be7
25. Ne4 Nf8 26. Bf2 Rd8 27. Nd6 Ra8 28. g4 $40 Ra2 29. f5 $2 {White
underestimates Black's counterplay.} (29. Ne4 $1 $14 {[%cal Yg4g5]}) 29... Qa8
({Missing} 29... Bh4 $1 30. Ne4 (30. Rd2 Ra1+) (30. Rf1 Bxf2+ 31. Rxf2 Rxf2 32.
Kxf2 Qh1) 30... gxf5 31. gxf5 exf5 32. Bxh4 fxe4 {and Black is not worse.}) 30.
fxe6 (30. f6 Bxd6 31. exd6 $13) 30... Nxe6 (30... Bh4 $1 {was possible again.})
31. Qd5 Qxd5 32. cxd5 Nf4 33. Be3 Ne2+ $2 {[%mdl 16384]} (33... Bg5 $1 $13) 34.
Kf1 Nc3 35. Rd3 Bxd6 36. exd6 {[%csl Gd6] White's passed pawn decides the game.
} Ne4 37. d7 Ra8 38. Bf4 Nf6 (38... Rd8 39. Re3 $1 $18) 39. Ra3 Rf8 (39... Rd8
40. Bg5 Kg7 41. Rf3) 40. Bd6 $1 Nxd7+ 41. Bxf8 Kxf8 42. d6 g5 43. Re3 h6 44.
Ke2 b5 45. Kd3 Nb6 46. Re5 Nd7 47. Re6 Nb6 48. Rxh6 b4 49. Rh7 c4+ 50. Kd4 1-0

[Event "GER CupT semifinal"]
[Site "Baden-Baden"]
[Date "2002.03.09"]
[Round "1.3"]
[White "Bunzmann, Dimitrij"]
[Black "Krasenkow, Michal"]
[Result "1/2-1/2"]
[WhiteElo "2469"]
[BlackElo "2632"]
[Annotator "Krasenkow,M"]
[PlyCount "105"]
[EventDate "2002.03.08"]
[EventType "team"]
[EventRounds "2"]
[EventCountry "GER"]
[SourceTitle "CBM 088"]
[Source "ChessBase"]
[SourceDate "2002.03.21"]
[SourceVersion "1"]
[SourceVersionDate "2002.03.21"]
[SourceQuality "1"]
[WhiteTeam "Stuttgart"]
[BlackTeam "Baden Oos"]
[WhiteTeamCountry "GER"]
[BlackTeamCountry "GER"]

1. d4 Nf6 2. Nf3 g6 3. c4 Bg7 4. Nc3 d5 5. cxd5 Nxd5 6. e4 Nxc3 7. bxc3 c5 8.
Rb1 O-O 9. Be2 b6 10. Be3 {An interesting move, for unknown reasons rarely
seen in practice.} (10. O-O {is usually played.}) 10... Bb7 11. e5 {The
principled continuation, with idea of a kingside attack (h2-h4-h5). The other
options are totally harmless:} (11. Qc2 $6 cxd4 (11... e6 12. dxc5 Nd7 13. O-O
Qc7 14. cxb6 axb6 $44 {Bunzmann,D-Schandorff,L/Magdeburg,2000 (0-1)(40)}) 12.
cxd4 Qc8 (12... e6 13. h4 Nd7 14. e5 Rc8 15. Qb2 Be4 16. Rc1 Rxc1+ 17. Qxc1 Qc8
18. Qa3 Qc2 19. Bd1 Qc6 20. O-O b5 $15 {1-0 Bali,J-Dobos,J/Hungary 1998/EXT
2000 (42)}) (12... Nc6 13. Qa4 $6 (13. d5) 13... e6 14. O-O Na5 15. d5 exd5 16.
Rfd1 d4 17. Bxd4 Qe8 18. Qxe8 Rfxe8 19. Bxg7 Bxe4 $1 20. Rbc1 Kxg7 $17 {
0-1 Kauranen,M-Salokangas,H/Helsinki 1988/EXT 97 (51)}) 13. Qxc8 Rxc8 14. Bd3
Rc3 (14... Nd7 15. Ke2 e6 16. Nd2 Rc7 17. Rhc1 Rac8 18. Rxc7 Rxc7 19. f3 Nb8
$11 {0-1 Kunze,C-Malisauskas,V/Berlin 1995/CBM 47 ext (39)}) (14... e6 15. Ke2
Nc6 16. Rhc1 Rd8 17. Rc4 Rac8 18. Ra4 Rc7 19. Rd1 Na5 20. Bg5 Re8 21. Bf4 Rcc8
22. Bd2 Bc6 23. Ra3 Bf8 24. Rc3 Bb4 25. Rc2 Bxd2 26. Rdxd2 f6 $11 {0-1
Charpentier,W-Valdes,L/San Jose 2001/CBM 82 ext (40)}) 15. Kd2 Ra3 16. Rb2 Nc6
17. Rc1 Rd8 18. Rc3 Ra4 $15 {0-1 Candela Perez,J-Fernandez Barrera,F/Mancha
Real 2000/EXT 2001 (55)}) (11. Bd3 Nc6 12. d5 Bxc3+ 13. Bd2 Bxd2+ 14. Qxd2 Na5
15. Qh6 (15. h4 $5) 15... f6 16. O-O Qc8 17. Rfe1 Ba6 18. Bc2 Rf7 19. Rbd1 Qf8
20. Qh4 Rd8 $15 {1/2-1/2 Pinto Henriquez,R-Garcia,I/ESP 1993/TD (54)}) (11. Qd3
Ba6 (11... e6 12. dxc5 Nd7 13. O-O Qc7 $44 14. Qd6 $6 Qxd6 15. cxd6 Bxe4 16.
Rb4 Bb7 17. Bb5 Nf6 18. Rc4 Nd5 19. Nd4 Rad8 $17 {1/2-1/2 Shishkin,V-Taborov,B/
Kiev 2000/EXT 2001 (61)}) (11... Qc8 12. O-O e6 13. Rfd1 Ba6 14. Qd2 Bxe2 15.
Qxe2 Nd7 16. Rbc1 c4 17. Rb1 a6 18. Rb4 b5 19. a4 $13 {1-0 Kreiling,
C-Schnegelsberg,K/Kassel 1998/EXT 99 (38)}) (11... cxd4 12. cxd4 Qd7 (12... Ba6
13. Qd2 Bxe2 14. Qxe2 e6 15. O-O Nd7 16. Rbc1 Nf6 17. Bg5 Qd7 18. Rfd1 Qb7 19.
d5 exd5 20. exd5 Rfe8 21. Qb5 $36 {1-0 Feige,M-Teslia,V/Bayern 1999/EXT 2001 
(31)}) 13. O-O Qa4 $5 14. Rfc1 Qxa2 15. Bd1 $6 Qa6 16. Qc2 Rc8 17. Qb3 Nc6 18.
d5 Na5 19. Qb4 Bf8 $13 {0-1 Rind,B-Ftacnik,L/Philadelphia 1993/EXT 97 (40)})
12. Qd2 Qc8 (12... cxd4 13. cxd4 Qd7 14. O-O Rc8 15. Rfc1 Rxc1+ 16. Rxc1 Bxe2
17. Qxe2 Qb7 18. Qc4 $14 {1-0 Vacek,R-Hlavac,R/Rakovnik 2001/EXT 2002 (28)})
13. O-O Bxe2 (13... Nd7 14. Bxa6 Qxa6 15. e5 (15. Bh6 $5 {Golod,V}) 15... Rac8
16. Rfe1 e6 17. Bg5 b5 18. Qd3 c4 19. Qc2 Nb6 20. Nd2 Nd5 21. Ne4 Qb6 22. Qc1
f5 $1 $13 {0-1 Pinto Henriquez,R-Narciso Dublan,M/St Feliu 1994/EXT 98 (51)})
14. Qxe2 Qa6 15. Qxa6 Nxa6 16. Rfc1 Rac8 17. d5 f5 $1 18. Ng5 $1 fxe4 19. c4
Nb4 20. a3 Nd3 21. Rc2 Bh6 $1 $11 22. Nxe4 Bxe3 23. fxe3 Rf5 24. Ng3 Rg5 25.
Rf1 {1/2-1/2 Roiz,M-Golod,V/Beersheba 2001/CBM 82/[Golod,V] (25)}) 11... cxd4 (
{Here is a typical example of the white attack:} 11... Nc6 $6 12. h4 cxd4 (
12... Qc7 13. h5 Rfd8 14. hxg6 hxg6 15. e6 fxe6 16. Qc2 cxd4 17. cxd4 Rf8 18.
Qxg6 $18 {1-0 Dejkalo,S-Bugajski,R/Warsaw 1981/EXT 2000 (50)}) 13. cxd4 Qd5 14.
h5 Rad8 15. hxg6 hxg6 16. Qc1 Na5 17. Bh6 Rc8 18. Qg5 Qe4 19. Bxg7 $1 Qxb1+ 20.
Bd1 f6 21. Qh6 Qe4+ 22. Kf1 Qd3+ 23. Be2 Qb1+ 24. Ne1 Kf7 25. Bxf8 Rxf8 26. Bd3
{1-0 Rashkovsky,N-Romanishin,O/Vilnius 1980/URS-ch (26)}) 12. cxd4 Na6 {
This centralizing manoeuvre (Nb8-a6-c7-d5) is probably too slow.} (12... e6 13.
Qd2 $6 (13. h4 $142) 13... Nc6 14. h4 Qd5 15. h5 Rfd8 16. hxg6 hxg6 17. Bg5
Nxd4 18. Bxd8 Nxf3+ 19. Bxf3 Qxd2+ 20. Kxd2 Rxd8+ 21. Ke3 Bxf3 22. gxf3 Bxe5 {
1/2-1/2 Nickl,K-Duesterwald,M/Dortmund 1989/EXT 97 (43)}) (12... Be4 $5 13. Rc1
Nc6 14. h4 Rc8 15. Ng5 $6 (15. Qa4 $5 $13) 15... Bxg2 16. Rh2 Bd5 17. h5 Nb4
18. hxg6 hxg6 19. a3 Na2 $17 {0-1 Vaisser,A-Sokolov,I/San Bernardino 1989/EXT
97 (41)}) (12... Bd5 13. Qd2 $6 (13. h4 $1) 13... Nc6 14. h4 h5 15. Rg1 Qd7 16.
Ng5 f6 17. exf6 exf6 18. Nh3 Rad8 19. Nf4 Bf7 $17 {0-1 Nickl,K-Sokolov,I/Graz
1987/TD (26)}) 13. h4 $1 {It is important to play this before Qd1-d2.} (13. Qd2
Nc7 14. h4 Nd5 (14... h5 $5) 15. h5 Nxe3 16. fxe3 e6 17. Bd3 Rc8 18. a4 Rc7 $15
{1/2-1/2 Nemet,I-Kortchnoi,V/Schweiz 1985/Inf 40 (42)}) 13... h5 14. Ng5 {
[%cal Re2h5] This is why the white queen should remain on d1!} Qd5 $1 {The
only way of counterplay.} 15. Qa4 $5 {White displays a lot of phantasy. His
king now sets off for a risky journey; however, everything ends quite
successfully for him.} (15. Bf3 Qa5+ 16. Qd2 (16. Bd2 Bxf3 17. Qxf3 Qxa2) 16...
Qxd2+ 17. Kxd2 Bxf3 18. Nxf3 Nc7 {gives Black a satisfactory position.}) (15.
Rg1 $5 {[%cal Yg2g4,Re2h5] deserved attention, too.}) 15... Qxg2 16. Kd2 Nc5 $6
(16... Nc7 $2 {led to unpleasant consequences for Black after} 17. Rhg1 (17. f3
$6 Ba6) 17... Bc6 $1 (17... Qh2 $2 {is inferior in view of} 18. Qd7 Bxe5 (18...
Rac8 19. Bf3 $1 $18) 19. Nxf7 $1 Bg7 (19... Kxf7 20. Bc4+ Kg7 21. Qxe7+ $18) (
19... Rxf7 20. dxe5 Qxe5 21. Rxg6+ $18) 20. Ne5 Bxe5 21. Rxg6+ Bg7 22. Rbg1 Rf7
23. Bc4 $18) 18. Qa3 $1 (18. Qc4 $143 Qd5 19. Rbc1 Bd7 $1) 18... Qd5 19. Rgc1 {
[%cal Re2f3]} Rad8 $8 20. Bf3 Nb5 $1 21. Bxd5 Nxa3 22. Bxc6 Nxb1+ 23. Kc2 $1
Nd2 $1 24. Kxd2 Bxe5 25. Nf3 {and the endgame is favourable for White thanks
to his bishop pair. Therefore Black decided on a piece sacrifice}) ({however,
the ugly move} 16... Nb8 $5 {, which I didn't consider at all, deserved more
attention. Of course, White maintained an excellent compensation for the pawn
anyway, e.g.} 17. Rhg1 Qc6 18. Qxc6 Nxc6 19. Bf3 $44) 17. dxc5 Qd5+ {White had
overlooked this check...} 18. Bd4 $6 {...and reacted inaccurately.} ({Of
course,} 18. Kc2 Qxe5 19. Qa3 Bxh1 20. Rxh1 bxc5 {[%cal Ya8b8] was clearly
favourable for Black}) ({but after} 18. Bd3 $1 Rad8 19. Qa3 $1 Qxe5 20. Rhc1 {
[%cal Rc5c6] White maintained good prospects in a messy position.}) 18... Rad8
19. Ke3 Bxe5 20. Rhd1 Bxd4+ 21. Qxd4 Qf5 $1 22. Qc3 $2 ({White misses a chance
to liquidate into a drawish endgame by means of} 22. Bd3 $1 Rxd4 23. Bxf5 Rxd1
24. Rxd1 gxf5 25. Rd7 $11 {However, the situation in the match required
playing for a win from White. Of course, in the middlegame Black maintains a
strong attack.}) 22... e5 23. Bb5 Rd4 $1 24. c6 Bc8 25. Ke2 Rxh4 26. Rg1 a6 $2
{Under time pressure Black misses a simple win:} (26... Rg4 $1 27. Qe3 ({or} 
27. Qd2 f6) 27... f6 $1 28. Qb3+ Kg7 29. Nf3 a6 $19) 27. Bd3 e4 28. Bc2 Rg4 29.
Qe3 {Now the knight can't be trapped!} Rxg1 30. Rxg1 Qb5+ 31. Ke1 Qxc6 32. Bxe4
{The resulting position is roughly equal. In spite of mutual time-trouble,
this evaluation doesn't seriously change till the end of the game.} Qf6 33. Kf1
Re8 34. Qf3 Qxf3 35. Bxf3 $11 Re5 (35... f6 {doesn't bring Black any profit in
view of} 36. Bc6 $1 Re7 37. Ne4 Bh3+ 38. Ke2 f5 $6 (38... Bf5 39. Kd3) 39.
Rxg6+ Kf8 40. Rg3 Bg4+ 41. f3 h4 42. fxg4 hxg3 43. gxf5) 36. Be2 Kg7 37. f3 Ra5
38. Bc4 f6 39. Ne6+ Bxe6 40. Bxe6 Re5 41. Bb3 b5 42. Kf2 a5 43. Bc2 f5 44. Bd3
Kf6 45. Rc1 Rd5 46. Ke3 g5 47. Rc6+ Ke5 48. Rg6 f4+ 49. Kd2 Kd4 50. Be4 Re5 51.
Rd6+ Kc5 52. Rc6+ Kd4 53. Rd6+ 1/2-1/2